000 00943nas a2200313 4500
001 BR0501217
003 BR-BrBNA
005 20231205105247.0
007 ta
008 230509b bl.|||p| |||| 00| 00por d
040 _aBR-BrBNA
_bpor
_cBiblioteca Nacional de Agricultura
041 _a(Pt)
072 _aL72; Q70
100 1 _aMentz, M.B.
100 1 _aWiest, J.M.
100 1 _aGonçalves, P.C.
245 1 _aViabilidade de ovos de Fasciola hepática de bovinos em sistema de biodigestão anaeróbia
650 _aBOVINO
650 _aFASCÍOLA
650 _aPARASITO DE ANIMAL
650 _aOVO
650 _aCOMPOSTAGEM
650 _aDIGESTÃO ANAERÓBIA
650 _aRECICLAGEM
650 _aBIODIGESTOR
773 0 _tArquivo Brasileiro de Medicina Veterinária e Zootecnia (Brazil)
_xISSN 0102-0935
_g(Aug 2004), v. 56(4) p. 550-553
_wBR0501217
909 _a202311
_bLúcia
_c55
_dLúcia Elande
942 _2AGRIS
_n0
_cANA
999 _c182056
_d182056